| 000 | 00866nam a22002297a 4500 | ||
|---|---|---|---|
| 001 | 72878 | ||
| 003 | BD-RjUL | ||
| 005 | 20211209082323.0 | ||
| 008 | 170524s1971 bg ||||| |||| 00| 0 ben d | ||
| 020 | _c : Tk. 15.00 | ||
| 035 | _a(BD-RjUL)73096 | ||
| 040 |
_aBD-RjUL _bben _cBD-RjUL |
||
| 041 | _aben | ||
| 082 |
_223 _a891.44408 _bBAH 1971 |
||
| 100 | 1 |
_aবাহার, হবীবুল্লাহ _9215570 |
|
| 245 | 1 | 0 |
_aহবীবুল্লাহ বাহার রচনাবলী / _cহবীবুল্লাহ বাহার. |
| 260 |
_aঢাকা : _bবাংলা একাডেমী, _c১৯৭১. |
||
| 300 |
_a[১১], ৫৮৩ পৃ. ; _c২২ সেমি. |
||
| 650 |
_aবাংলা রচনাবলী _xসংগ্রহগুলি _9215571 |
||
| 650 |
_aBengali essays _xCollections _9157119 |
||
| 942 |
_2ddc _cBK |
||
| 999 |
_c72878 _d72878 |
||